| 000 | 01463cam a22003617a 4500 | ||
|---|---|---|---|
| 003 | CHAP | ||
| 005 | 20220329132910.0 | ||
| 008 | 971010s1987 r 00010 d | ||
| 010 | _a74 | ||
| 011 | _a1046 | ||
| 035 | _a221 | ||
| 040 | _cCHAP | ||
| 082 |
_a323.354 _bS35 1987 |
||
| 100 | 0 | 0 |
_aSalinas de Gortari, Carlos. _9101651 |
| 245 | 0 | _aProducción y participación política en el campo | |
| 250 | _a2 ed. | ||
| 260 |
_aMéxico : _bFondo de Cultura Económica, _c1987 |
||
| 300 | _a408 p. | ||
| 590 |
_aBATCH-UPD _b10 _c20130110 _lUCH01 _h1046 |
||
| 590 |
_aBATCH-UPD _b10 _c20130410 _lUCH01 _h0645 |
||
| 590 |
_aBATCH-UPD _b10 _c20130914 _lUCH01 _h0316 |
||
| 590 |
_aCONVERSION _b10 _c20130109 _lUCH01 _h1302 |
||
| 650 | 1 | 4 |
_aAgricultura y Estado _xMéxico. _92054 |
| 650 | 1 | 4 |
_aProductos agrícolas _xAspectos económicos _zPuebla. _991920 |
| 901 | _aBK | ||
| 942 | _cLIBRO | ||
| 949 |
_a323.354 S35 1987 _bBC _cCONG _d33724000299749 _eCONG _gI.c/e _h75526 _i221 _si _t30.00 |
||
| 949 |
_a323.354 S35 1987 _bBC _cLIBRO _d33724000299707 _eLIBRO _fc.6 _h81666 _i221 _si _t30.00 |
||
| 949 |
_a323.354 S35 1987 _bBC _cLIBRO _d33724000299715 _eLIBRO _fc.3 _gI.c/e _h76528 _i221 _si _t30.00 |
||
| 949 |
_a323.354 S35 1987 _bBC _cLIBRO _d33724000299723 _eLIBRO _fc.2 _gI.c/e _h76527 _i221 _si _t30.00 |
||
| 949 |
_a323.354 S35 1987 _bBC _cLIBRO _d33724000299731 _eLIBRO _fc.5 _gI.c/e _h76530 _i221 _si _t30.00 |
||
| 949 |
_a323.354 S35 1987 _bBC _cLIBRO _d33724000299756 _eLIBRO _fc.4 _gI.c/e _h76529 _i221 _si _t30.00 |
||
| 999 |
_c74 _d74 |
||